| 000 | 00550nam a22001697a 4500 | ||
|---|---|---|---|
| 005 | 20251108164848.0 | ||
| 008 | 250721s1974 xx 000 0 ara d | ||
| 082 | 1 | 4 | _a891.551/محم |
| 100 | 1 |
_aإقبال، محمد _eشعر |
|
| 245 | 1 | 0 |
_aرساله الخلود : _bجاويد نامه / |
| 264 | 1 |
_aالقاهره : _bمؤسسة سجل العرب، _c1974. |
|
| 300 | _a357ص. : فهارس | ||
| 650 | 1 | 7 | _aالشعر الفارسي |
| 700 | 1 |
_aجمال الدين، محمد السعيد _eترجمة |
|
| 942 |
_2ddc _cBK |
||
| 999 |
_c16099 _d16099 |
||